书目信息 |
| 题名: |
论天才
|
|
| 作者: | 吴骐 编著 | |
| 分册: | ||
| 出版信息: | 长春 吉林人民出版社 1981 |
|
| 页数: | 149页 | |
| 开本: | 19cm | |
| 丛书名: | ||
| 单 册: | ||
| 中图分类: | B015 | |
| 科图分类: | ||
| 主题词: | 天才论 , 哲学基本问题 | |
| 电子资源: | ||
| ISBN: | ||
| 000 | 00621nam0 2200253 45 | |
| 001 | 0181004448 | |
| 005 | 20071014102536.26 | |
| 010 | @dCNY0.37 | |
| 091 | @a2091.33 | |
| 100 | @a19950524d1981 em y0chiy0121 ea | |
| 101 | 0 | @achi |
| 102 | @aCN@b220000 | |
| 105 | @ay z 000yy | |
| 106 | @ar | |
| 200 | 10 | @a论天才@Alun tian cai@f吴骐编著 |
| 210 | @a长春@c吉林人民出版社@d1981 | |
| 215 | @a149页@d19cm | |
| 606 | @a天才论 | |
| 606 | 0 | @a哲学基本问题 |
| 690 | @aB015 | |
| 701 | 0 | @a吴骐@Awu qi@4编著 |
| 801 | 0 | @aCN@b上海图书馆@c20071014 |
| 801 | 2 | @aCN@bNLC@c20031226 |
| 905 | @f1@b68156@dB015@e247@b68159@f1 | |
| 论天才/吴骐编著.-长春:吉林人民出版社,1981 |
| 149页;19cm |
| ISBN :CNY0.37 |
| ● |
| 相关链接 |
|
|
|
|
正题名:论天才
索取号:B015/247
 
预约/预借
| 序号 | 登录号 | 条形码 | 馆藏地/架位号 | 状态 | 备注 |
| 1 | 0068155 | 001389768 | 密集书库/ [索取号:B015/247] | 在馆 | |
| 2 | 0068156 | 001860310 | 密集书库/ [索取号:B015/247] | 在馆 | |
| 3 | 0068157 | 001389802 | 密集书库/ [索取号:B015/247] | 在馆 | |
| 4 | 0068158 | 001389624 | 第一样本阅览室/ [索取号:B015/247] | 在馆 | |
| 5 | 0068159 | 001860356 | 密集书库/ [索取号:B015/247] | 在馆 |